Juntos conseguimos! (Record no. 2037)
[ view plain ]
| 000 -Etiqueta do registo | |
|---|---|
| Valores | 00668nam a2200253 4500 |
| 010 ## - Número ISBN | |
| ISBN | 9789722548113 |
| 021 ## - Número do Depósito Legal | |
| Código do país | Portugal |
| Número | 535790/24 |
| 100 ## - Dados gerais de processamento | |
| Dados gerais | 20260130d2025 c||y0pory50030103ba |
| 101 ## - Língua de publicação | |
| Língua | Português |
| 102 ## - País de publicação | |
| País | Portugal |
| 200 ## - Titulo e menção de responsabilidade | |
| Título próprio | Juntos conseguimos! |
| Primeira menção de responsabilidade | Nicola Kinnear |
| Outras menções de responsabilidade | trad. Dina Antunes |
| 205 ## - Menção da edição | |
| Edição | 1ª edição |
| 210 ## - Publicação | |
| Local de publicação | [S.l.] |
| Nome do editor | Bertrand |
| Data de publicação | 2025 |
| 215 ## - Descrição física | |
| Paginação / Volumes | [32] p. |
| Outras indicações físicas | il. |
| Dimensões | 29 cm |
| 300 ## - Notas gerais | |
| Texto da nota | BMB-Registado |
| 304 ## - Nota relativa ao título | |
| Texto de nota | Tít. orig.: The worry bee |
| 606 ## - Nome comum usado como assunto | |
| ID Autoridade | 863 |
| Palavra de ordem | Literatura Infantil |
| 675 ## - CDU | |
| Notação | 087.5 |
| Edição | BMB |
| Língua | por |
| 700 ## - Autor principal (pessoa individual) | |
| Apelido | Kinnear |
| Nome | Nicola |
| ID Autoridade | 1072 |
| 702 ## - Autor secundário (pessoa individual) | |
| Apelido | Antunes |
| Nome | Dina |
| Função | Tradutor |
| ID Autoridade | 829 |
| 801 ## - Fonte de origem | |
| País | PT |
| Agência | BMB |
| Regras de catalogação | RPC |
| 990 ## - Elementos KOHA | |
| Tipo de documento | Livro |
| Situação do levantamento | Estado | Número | Biblioteca de origem | Código de barras | Cota | Permissão de empréstimo | Tipo de documento | Forma de aquisição |
|---|---|---|---|---|---|---|---|---|
| 1 | Biblioteca Municipal de Borba | 1987 | 087.5 KIN / JUN | Livro | Compra |